Ricostruisci la Carriera del Calciatore - Simone Perrotta - Statistics

Statistiche generali
  • Questo quiz è stato fatto 14 volte
  • Il punteggio medio è 3 su 5
Statistiche sulle risposte
Hint Risposta % Corretto
2004-2013 Roma
83%
1995-1998 Reggina
67%
1999-2001 Bari
50%
2001-2004 Chievo
50%
1998-1999 Juventus
17%
Nessun quiz corrispondente trovato
Distribuzione punteggi
Percentuale di utenti per punteggio
Percentile per numero di risposta
I tuoi punteggi nel tempo
Non hai fatto questo quiz